Atajos hacia el humanismo cívico (Registro nro. 302686)

Detalles MARC
000 -ENCABEZADO
Número de control [NR] 01522 a2200397 4500
005 - FECHA Y HORA DE LA ÚLTIMA TRANSACCIÓN
control field 20160219111624.0
008 - DE LONGITUD FIJA DE DATOS DE ELEMENTOS - INFORMACIÓN GENERAL
Elementos de longitud fija [NR] 160219s2016 ck ||||fr|||| 000 0 spa d
020 ## - NUMERO INTERNACIONAL NORMALIZADO PARA LIBROS [R]
Número Internacional Normalizado del libro [NR] 9789588866239
040 ## - FUENTE DE CATALOGACION [NR]
Agencia de catalogación original [NR] CO-BoUCM
Idioma de catalogación [NR] spa
Quien Cataloga Saul Niño
Quien Clasifica Saul Niño
041 0# - CODIGO DE IDIOMA [R]
Código de idioma para texto/pista de sonido o título separado [R] Español
245 00 - MENCION DE TITULO [NR]
Título [NR] Atajos hacia el humanismo cívico
Mención de responsabilidad, etc. [NR] Coautores Jorge Orlando García ... [y otros] ; compilador-editor Javier González Camargo
260 ## - PUBLICACION, DISTRIBUCION, ETC. (PIE DE IMPRENTA) [R]
Fecha de publicación, distribución, etc. [R] 2016
Nombre del editor, distribuidor, etc. [R] Universidad Sergio Arboleda
Lugar de publicación, distribución, etc. [R] Bogotá (Colombia)
300 ## - DESCRIPCION FISICA [R]
Extensión [R] 159 páginas
490 0# - MENCION DE SERIE [R]
Mención de serie [R] Interés general. Filosofía
504 ## - NOTA DE BIBLIOGRAFIA, ETC. [R]
Nota de bibliografía, etc. [NR] Incluye referencias bibliográficas
600 1# - ASIENTO SECUNDARIO DE MATERIA - NOMBRE PERSONAL [R]
Nombre personal [NR] Llano Cifuentes, Alejandro
Subdivisión general [R] Crítica e interpretación
9 (RLIN) 75641
650 #7 - ASIENTO SECUNDARIO DE MATERIA - TERMINO TEMATICO [R]
9 (RLIN) 17073
Término temático o nombre geográfico como elemento de entrada [NR] Humanismo
650 #7 - ASIENTO SECUNDARIO DE MATERIA - TERMINO TEMATICO [R]
9 (RLIN) 15841
Término temático o nombre geográfico como elemento de entrada [NR] Filosofía política
650 #7 - ASIENTO SECUNDARIO DE MATERIA - TERMINO TEMATICO [R]
9 (RLIN) 7408
Término temático o nombre geográfico como elemento de entrada [NR] Ciudadanía
690 #0 - ASUNTO AGREGADO LOCAL DE ENTRADA - TÉRMINO TEMÁTICO (OCLC, RLIN)
Acceso temático local Filosofía
9 (RLIN) 75
700 1# - ASIENTO SECUNDARIO - NOMBRE PERSONAL [R]
Nombre personal [NR] González Camargo, Javier
Término de relación [R] editor
9 (RLIN) 75642
700 1# - ASIENTO SECUNDARIO - NOMBRE PERSONAL [R]
Nombre personal [NR] Mancipe Flechas, Eduardo
9 (RLIN) 49691
700 1# - ASIENTO SECUNDARIO - NOMBRE PERSONAL [R]
Nombre personal [NR] Pérez Bernal, Juan Carlos
9 (RLIN) 50664
700 1# - ASIENTO SECUNDARIO - NOMBRE PERSONAL [R]
Nombre personal [NR] Tamayo Collins, Francisco
9 (RLIN) 75643
700 1# - ASIENTO SECUNDARIO - NOMBRE PERSONAL [R]
Nombre personal [NR] Zanotti, Gabriel J.
9 (RLIN) 75644
700 1# - ASIENTO SECUNDARIO - NOMBRE PERSONAL [R]
Nombre personal [NR] García, Jorge Orlando
9 (RLIN) 75645
700 1# - ASIENTO SECUNDARIO - NOMBRE PERSONAL [R]
Nombre personal [NR] Ponce Montesinos, Gustavo
9 (RLIN) 75646
700 1# - ASIENTO SECUNDARIO - NOMBRE PERSONAL [R]
Nombre personal [NR] Median, Wilmar Javier
9 (RLIN) 75647
700 1# - ASIENTO SECUNDARIO - NOMBRE PERSONAL [R]
Nombre personal [NR] Maiguel, José de Jesus
9 (RLIN) 75648
700 1# - ASIENTO SECUNDARIO - NOMBRE PERSONAL [R]
Nombre personal [NR] Navarro, María Angélica
9 (RLIN) 75649
700 1# - ASIENTO SECUNDARIO - NOMBRE PERSONAL [R]
Nombre personal [NR] Alámo Hernández, Pablo
9 (RLIN) 75650
700 1# - ASIENTO SECUNDARIO - NOMBRE PERSONAL [R]
Nombre personal [NR] Irizar, Liliana Beatríz
9 (RLIN) 75651
700 1# - ASIENTO SECUNDARIO - NOMBRE PERSONAL [R]
Nombre personal [NR] Ayala Carabaio, Raquel
9 (RLIN) 75652
942 ## - ELEMENTOS DE ENTRADA AGREGADOS (KOHA)
Sistema de clasificación DEWEY
Tipo de ítem principal el descrito en 300a Libro
Tema principal Filosofía
Edición 1
Clasificación 144
Parte restante de la signatura top. A862a
Existencias
Total préstamos Signatura topográfica Código de barras Última vez visto Ejemplar Costo de reposición Price effective from Tipo de ítem Perdido Sistema de clasificación Dañado No prestable Tipo de ítem específico Suprimido Ubicación habitual Ubicación actual Localización Fecha de creación Proveedor Forma de adquisición Costo
  144 A862a 100148825 05/12/2025 Ej.1 26000.00 10/02/2016 Libro   DEWEY     Libro   Claustro Claustro 2do piso 10/02/2016 12 Donación 0.00